000 00307nam a2200133Ia 4500
100 _aZiegler Kurt
942 _cBK
654 _aComputer
245 _aIntegrating Netware into the Enterprise Network
260 _bJohn Wiley & Sons
_aNew York
_c1994
300 _a406
546 _aENGLISH
999 _c29596
_d29596